| 000 | 00965nas a2200313 4500 | ||
|---|---|---|---|
| 001 | BR2019002032 | ||
| 003 | BR-BrBNA | ||
| 005 | 20231205132020.0 | ||
| 007 | ta | ||
| 008 | 230509b bl.|||p| |||| 00| 00por d | ||
| 040 |
_aBR-BrBNA _bpor _cBiblioteca Nacional de Agricultura |
||
| 041 | _a(En) | ||
| 072 | _aF30 | ||
| 100 | 1 | _aSantos-Sanchês, R. de C.V. | |
| 100 | 1 | _aSouza, M.M. | |
| 100 | 1 | _aMelo, C.A.F. de | |
| 100 | 1 | _aSilva, G.S. | |
| 100 | 1 | _aXavier, R.C. | |
| 100 | 1 | _aNunes, G.H. de S. | |
| 100 | 1 | _aAraújo, I.S. | |
| 245 | 1 | _aKaryotypic characterization of melon accessions | |
| 650 | _aMELÃO | ||
| 650 | _aCROMOSSOMA | ||
| 650 | _aGENÉTICA VEGETAL | ||
| 773 | 0 |
_tCientífica. Revista de Ciências Agrárias (Brazil) _xISSN 1984-5529 _g(2019), v. 47(1) p. 91-103 _wBR2019002032 |
|
| 856 | 4 | 0 | _uhttp://cientifica.org.br/index.php/cientifica/article/view/1178/696 |
| 909 |
_a202311 _bLúcia _c55 _dLúcia Elande |
||
| 942 |
_2AGRIS _n0 _cANA |
||
| 999 |
_c257985 _d257985 |
||